| 000 | 00881nam a2200229 i 4500 | ||
|---|---|---|---|
| 001 | 128959 | ||
| 003 | ES-MaACL | ||
| 005 | 20230906193414.0 | ||
| 007 | t| | ||
| 008 | 070531s1959 mx ||||1| spa d | ||
| 245 | 0 | 0 |
_aTeatro mexicano 1958 / _cselección y prólogo de Luis G. Basurto. |
| 260 |
_aMéxico, etc. : _bAguilar, _c1959. |
||
| 300 |
_a382 p. : _bil. ; _c21 cm. |
||
| 505 | 8 | _aContiene: Los sueños encendidos / Luis Moreno.-- Cordelia! / Federico S. Inclán.-- El pequeño caso de Jorge Lívido / Segio Magaña.-- Malditos / Wilberto Cantón.-- La Malinche / Celestino Gorostiza | |
| 700 | 1 |
_aBasurto, Luis G. _926387 |
|
| 700 | 1 |
_aMoreno, Luis. _983301 |
|
| 700 | 1 |
_aInclán, Federico S. _965242 |
|
| 700 | 1 |
_aMagaña, Sergio. _975445 |
|
| 700 | 1 |
_aCantón, Wilberto. _934681 |
|
| 700 | 1 |
_aGorostiza, Celestino. _959213 |
|
| 852 |
_aES-MaACL _jC-56375 _bR.89109 |
||
| 999 |
_c128959 _d128959 |
||